Co dziś na śniadanie? - Statystyki

Ogólne statystyki
  • Ten quiz został rozwiązany 1 114 razy
  • Średni wynik to 14 z 30
Statystyki odpowiedzi
Pierwsza litera Odpowiedź % Poprawnych
J Jajecznica
88%
P Płatki z mlekiem
75%
W Warzywa
70%
J Jajko na twardo
62%
J Jajko na miękko
61%
W Wędlina
61%
O Omlet
60%
P Parówki
59%
T Tosty
59%
N Naleśniki
56%
O Owsianka
54%
P Pieczywo
52%
M Masło
50%
S Ser żółty
50%
J Jogurt
49%
S Ser Biały
49%
K Kiełbaska
48%
D Dżem
46%
H Hummus
37%
P Pasztet
33%
K Krem czekoladowy
32%
S Ser pleśniowy
32%
S Ser topiony
32%
P Pasta jajeczna
28%
R Rogaliki
28%
S Serek wiejski
28%
K Krem orzechowy
26%
J Jaglanka
25%
Z Zacierka
21%
P Powidła
19%
Nie znaleziono quizów pasujących do podanych kryteriów
Rozkład punktacji
Procent ludzi z każdym wynikiem
Percentyl według liczby udzielonych odpowiedzi
Twoja historia wyników
Nie rozwiązałeś tego quizu